000
00332nam a22001577a 4500
020
_a
81-8204-040-X
082
_a
651.3
_b
SIN
100
_a
SINGH, RK
245
_a
ATITHI DEVO BHAVAH
250
_a
1ST
260
_a
DELHI
_b
AMAN
_c
2007
300
_a
282
650
_a
GUEST MANAGEMENT
653
_a
ATITHI, GUEST
942
_2
ddc
_c
BK
999
_c
8041
_d
8041